[Event "10th Eksjo it group B"]
[Site "Eksjo SWE"]
[Date "1982.??.??"]
[Round "1"]
[White "Andruet, Gilles"]
[Black "Kovacs, Laszlo"]
[Result "1-0"]
[WhiteElo "2395"]
[BlackElo "2320"]
[EventDate "1982.08.18"]
[PlyCount "140"]

1. d4 Nf6 2. c4 e6 3. Nf3 d5 4. Nc3 c6 5. e3 Nbd7 6. Qc2 Bd6 7. e4 dxe4 8. Nxe4 Nxe4 9. Qxe4 Nf6 10. Qh4 c5 11. Bg5 cxd4 12. O-O-O e5 13. Bd3 Be6 14. Rhe1 Rc8 15. Nxe5 h6 16. Ng4 Be7 17. Nxf6+ Bxf6 18. Bxf6 Qxf6 19. Qxf6 gxf6 20. Bf1 b5 21. Rxd4 O-O 22. b3 Rc5 23. Kb2 Rfc8 24. Rc1 a5 25. Rc2 Kg7 26. Bd3 b4 27. Be4 Rh5 28. h3 Rcc5 29. Rcd2 Rhg5 30. h4 Rg4 31. g3 f5 32. Bf3 Rxd4 33. Rxd4 Kf6 34. Kc2 a4 35. Rd8 axb3+ 36. axb3 Bxc4 37. bxc4 Rxc4+ 38. Kd2 Rc3 39. Rd3 Rc8 40. Rd6+ Ke5 41. Rxh6 b3 42. Rb6 Rc2+ 43. Ke1 f4 44. gxf4+ Kxf4 45. Bd1 Rc7 46. Rxb3 f5 47. Rb4+ Ke5 48. Ke2 Rc3 49. Rb3 Rc7 50. Kf3 Rc1 51. Be2 Rh1 52. Rb5+ Kf6 53. Rb4 Rh3+ 54. Kg2 Rc3 55. Rf4 Ke5 56. Rf3 Rc7 57. Bd3 Rg7+ 58. Kh3 f4 59. h5 Rg1 60. Kh4 Rh1+ 61. Kg5 Rg1+ 62. Kh6 Rg4 63. Bc2 Kf6 64. Bg6 Rh4 65. Ra3 Rh2 66. f3 Rh3 67. Ra6+ Ke5 68. Ra5+ Kd4 69. Be4 Rg3 70. Rg5 Ke3 1-0

[Event "10th Eksjo it group B"]
[Site "Eksjo SWE"]
[Date "1982.??.??"]
[Round "1"]
[White "Hakki, Imad"]
[Black "Orseth, Dag"]
[Result "1/2-1/2"]
[WhiteElo "2310"]
[BlackElo "2280"]
[EventDate "1982.08.18"]
[PlyCount "47"]

1. e4 c5 2. Nf3 Nc6 3. d4 cxd4 4. Nxd4 g6 5. c4 Nf6 6. Nc3 d6 7. Be2 Nxd4 8. Qxd4 Bg7 9. Bg5 O-O 10. Qd2 Be6 11. Rc1 Qa5 12. f3 Rfc8 13. b3 a6 14. Na4 Qxd2+ 15. Kxd2 Rc6 16. Nc3 Rcc8 17. Be3 Nd7 18. Nd5 Bxd5 19. exd5 a5 20. Rc2 Rc7 21. f4 Nc5 22. Bf3 Rac8 23. Rhc1 a4 24. Bxc5 1/2-1/2

[Event "10th Eksjo it group B"]
[Site "Eksjo SWE"]
[Date "1982.??.??"]
[Round "1"]
[White "Iskov, Gert"]
[Black "Martorelli, Antonio"]
[Result "1-0"]
[WhiteElo "2345"]
[BlackElo "2270"]
[EventDate "1982.08.18"]
[PlyCount "67"]

1. e4 c5 2. Nc3 e6 3. Nge2 Nc6 4. g3 d5 5. exd5 exd5 6. Bg2 Nf6 7. d4 Bg4 8. Be3 Qb6 9. Qd2 O-O-O 10. dxc5 Qa6 11. Nd4 Bxc5 12. Nxc6 bxc6 13. Bf1 Qa5 14. Bxc5 Qxc5 15. Ba6+ Kb8 16. O-O Qa5 17. Bd3 c5 18. b4 cxb4 19. Nb5 Bd7 20. Qf4+ Ka8 21. Nc7+ Kb7 22. Rfb1 d4 23. a3 Qxc7 24. Rxb4+ Qb6 25. Rxb6+ axb6 26. Qxd4 Bc6 27. Qc4 Nd5 28. Qa6+ Kc7 29. Qa7+ Kd6 30. Qxf7 Rd7 31. Qf5 Re8 32. Bf1 g6 33. Qg4 Rf7 34. Bg2 1-0

[Event "10th Eksjo it group B"]
[Site "Eksjo SWE"]
[Date "1982.??.??"]
[Round "1"]
[White "Liverios, Thisefs"]
[Black "Rothen, Hakan"]
[Result "1/2-1/2"]
[WhiteElo "2310"]
[BlackElo "2220"]
[EventDate "1982.08.18"]
[PlyCount "87"]

1. d4 Nf6 2. c4 e5 3. dxe5 Ng4 4. Nf3 Nc6 5. Bf4 Bb4+ 6. Nc3 Bxc3+ 7. bxc3 Qe7 8. Qd5 f6 9. exf6 Nxf6 10. Qd1 d6 11. Bd2 O-O 12. e3 Ne4 13. Be2 Bg4 14. O-O Ne5 15. Nxe5 Bxe2 16. Ng6 hxg6 17. Qxe2 Qe6 18. Be1 Rf5 19. f3 Raf8 20. Rd1 Nf6 21. Bf2 g5 22. e4 g4 23. Be3 gxf3 24. exf5 fxe2 25. fxe6 b6 26. Bd4 exf1=Q+ 27. Rxf1 Ne8 28. h4 Rxf1+ 29. Kxf1 Kf8 30. Ke2 c5 31. Be3 Ke7 32. Kd3 Kxe6 33. h5 Nf6 34. h6 gxh6 35. Bxh6 d5 36. Bg7 Ng4 37. cxd5+ Kxd5 38. c4+ Ke6 39. Bc3 Nh6 40. Ke4 Nf7 41. g4 Nd6+ 42. Kd3 Nf7 43. a3 Kd6 44. Ke4 1/2-1/2

[Event "10th Eksjo it group B"]
[Site "Eksjo SWE"]
[Date "1982.??.??"]
[Round "2"]
[White "Kovacs, Laszlo"]
[Black "Liverios, Thisefs"]
[Result "1/2-1/2"]
[WhiteElo "2320"]
[BlackElo "2310"]
[EventDate "1982.08.18"]
[PlyCount "62"]

1. e4 c6 2. d4 d5 3. exd5 cxd5 4. Bd3 Nc6 5. c3 Nf6 6. Bf4 Bg4 7. Nf3 e6 8. Qb3 Bd6 9. Qxb7 O-O 10. Ne5 Bxe5 11. dxe5 Nh5 12. Bg3 Qg5 13. O-O Nxg3 14. hxg3 Nxe5 15. f4 Qh6 16. Qa6 Rfb8 17. fxe5 Qe3+ 18. Kh2 Rb6 19. Qa4 Qxd3 20. Qf4 Bf5 21. b3 Rc8 22. g4 Bg6 23. Rf3 Qc2 24. Rf2 Qe4 25. Qxe4 Bxe4 26. Nd2 Rxc3 27. Nxe4 dxe4 28. Re1 f6 29. exf6 gxf6 30. Rxf6 e3 31. g5 e2 1/2-1/2

[Event "10th Eksjo it group B"]
[Site "Eksjo SWE"]
[Date "1982.??.??"]
[Round "2"]
[White "Lekander, Rolf"]
[Black "Hakki, Imad"]
[Result "1-0"]
[WhiteElo "2285"]
[BlackElo "2310"]
[EventDate "1982.08.18"]
[PlyCount "59"]

1. Nf3 Nf6 2. c4 g6 3. g3 Bg7 4. Bg2 d6 5. d4 O-O 6. O-O Nbd7 7. Nc3 e5 8. e4 Re8 9. Re1 c6 10. Qc2 exd4 11. Nxd4 a5 12. h3 Nc5 13. Be3 a4 14. Rad1 Qa5 15. Bf4 Bf8 16. Nf3 Rd8 17. Bd2 Qb6 18. Be3 Be6 19. Bf1 Nfd7 20. Nd5 cxd5 21. cxd5 Ne5 22. Nxe5 dxe5 23. dxe6 fxe6 24. Rxd8 Rxd8 25. Rc1 Rc8 26. h4 Rc6 27. Qe2 Qc7 28. Qg4 Qf7 29. Bb5 Rb6 30. Qe2 1-0

[Event "10th Eksjo it group B"]
[Site "Eksjo SWE"]
[Date "1982.??.??"]
[Round "2"]
[White "Martorelli, Antonio"]
[Black "Andruet, Gilles"]
[Result "0-1"]
[WhiteElo "2270"]
[BlackElo "2395"]
[EventDate "1982.08.18"]
[PlyCount "62"]

1. e4 c5 2. Nf3 e6 3. d4 cxd4 4. Nxd4 Nf6 5. Nc3 d6 6. g3 Nc6 7. Bg2 Bd7 8. O-O Be7 9. b3 a6 10. Bb2 Rc8 11. Re1 O-O 12. a4 Qc7 13. Nxc6 Bxc6 14. g4 h6 15. Re3 b5 16. axb5 axb5 17. h4 b4 18. Na2 d5 19. g5 Nxe4 20. Bxe4 dxe4 21. gxh6 g6 22. h5 Kh7 23. hxg6+ fxg6 24. Qe1 Rf5 25. Nxb4 Rg5+ 26. Kf1 Qh2 27. Ke2 Qh5+ 28. Kf1 Bb5+ 29. c4 Rxc4 30. bxc4 Bxc4+ 31. Nd3 exd3 0-1

[Event "10th Eksjo it group B"]
[Site "Eksjo SWE"]
[Date "1982.??.??"]
[Round "2"]
[White "Orseth, Dag"]
[Black "Iskov, Gert"]
[Result "1/2-1/2"]
[WhiteElo "2280"]
[BlackElo "2345"]
[EventDate "1982.08.18"]
[PlyCount "31"]

1. Nf3 g6 2. g3 Bg7 3. d4 f5 4. Bg2 Nf6 5. O-O O-O 6. b3 b5 7. Nfd2 c6 8. Bb2 d5 9. c4 Ne4 10. cxd5 cxd5 11. Nxe4 fxe4 12. Nc3 a6 13. f3 exf3 14. Rxf3 Rxf3 15. Bxf3 e6 16. Qd2 1/2-1/2

[Event "10th Eksjo it group B"]
[Site "Eksjo SWE"]
[Date "1982.??.??"]
[Round "3"]
[White "Iskov, Gert"]
[Black "Lekander, Rolf"]
[Result "1/2-1/2"]
[WhiteElo "2345"]
[BlackElo "2285"]
[EventDate "1982.08.18"]
[PlyCount "44"]

1. e4 g6 2. d4 Bg7 3. Nc3 d6 4. f4 Nf6 5. e5 dxe5 6. dxe5 Qxd1+ 7. Kxd1 Ng4 8. Nd5 Kd8 9. Ke1 Be6 10. Nc3 Nc6 11. Nf3 Nb4 12. Nd4 Bf5 13. h3 Nh6 14. g4 c5 15. Nxf5 gxf5 16. g5 Nxc2+ 17. Kd1 Nxa1 18. gxh6 Bxh6 19. Bc4 Ke8 20. Be3 Rg8 21. Nd5 Rd8 22. Kc1 Rg3 1/2-1/2

[Event "10th Eksjo it group B"]
[Site "Eksjo SWE"]
[Date "1982.??.??"]
[Round "3"]
[White "Liverios, Thisefs"]
[Black "Martorelli, Antonio"]
[Result "1-0"]
[WhiteElo "2310"]
[BlackElo "2270"]
[EventDate "1982.08.18"]
[PlyCount "69"]

1. d4 Nf6 2. c4 e6 3. Nc3 Bb4 4. g3 c5 5. Nf3 b6 6. Bg2 Bb7 7. O-O cxd4 8. Nb5 O-O 9. Bf4 d6 10. a3 e5 11. axb4 exf4 12. gxf4 Na6 13. Qxd4 Nxb4 14. Qxd6 a5 15. Rfd1 Be4 16. Qe5 Qb8 17. Nd6 Bc6 18. Nf5 Bb7 19. Nxg7 Qxe5 20. fxe5 Kxg7 21. exf6+ Kxf6 22. Rd6+ Ke7 23. Rxb6 Be4 24. Rb5 Nc6 25. Nd2 Bxg2 26. Kxg2 Rg8+ 27. Kf1 Rg6 28. Nf3 Rag8 29. e3 Rf6 30. Ne5 Re6 31. Nxc6+ Rxc6 32. Raxa5 Rxc4 33. Ra7+ Ke6 34. Ra6+ Kd7 35. Rb7+ 1-0

[Event "10th Eksjo it group B"]
[Site "Eksjo SWE"]
[Date "1982.??.??"]
[Round "3"]
[White "Rothen, Hakan"]
[Black "Kovacs, Laszlo"]
[Result "1-0"]
[WhiteElo "2220"]
[BlackElo "2320"]
[EventDate "1982.08.18"]
[PlyCount "91"]

1. e4 e5 2. Nc3 Nf6 3. g3 Bc5 4. Bg2 Nc6 5. Nge2 d6 6. Na4 Bg4 7. h3 Be6 8. Nxc5 dxc5 9. d3 c4 10. Be3 cxd3 11. cxd3 O-O 12. d4 exd4 13. Nxd4 Nxd4 14. Qxd4 Qxd4 15. Bxd4 Rfd8 16. Be3 Rd7 17. O-O a5 18. Rfc1 a4 19. a3 c6 20. f3 Bb3 21. Bf1 Rad8 22. Kf2 h6 23. Be2 Nh7 24. Bc4 Rd2+ 25. Bxd2 Rxd2+ 26. Ke3 Rxb2 27. h4 Nf6 28. Rc3 Bxc4 29. Rxc4 Rb3+ 30. Ke2 Rb2+ 31. Kd3 Nd7 32. Rb4 Rg2 33. Ke3 b5 34. Kf4 Nc5 35. Kg4 Nd3 36. Rd4 Rd2 37. Kf5 c5 38. Rd8+ Kh7 39. Rb1 Rb2 40. Rxb2 Nxb2 41. Rb8 b4 42. axb4 c4 43. Ke5 a3 44. Kd4 Na4 45. Ra8 c3 46. Kd3 1-0

[Event "10th Eksjo it group B"]
[Site "Eksjo SWE"]
[Date "1982.??.??"]
[Round "4"]
[White "Hakki, Imad"]
[Black "Iskov, Gert"]
[Result "0-1"]
[WhiteElo "2310"]
[BlackElo "2345"]
[EventDate "1982.08.18"]
[PlyCount "52"]

1. e4 c5 2. Nf3 d6 3. d4 cxd4 4. Nxd4 Nf6 5. Nc3 a6 6. Bg5 e6 7. f4 Qb6 8. Qd2 Qxb2 9. Rb1 Qa3 10. f5 Nc6 11. fxe6 fxe6 12. Nxc6 bxc6 13. e5 dxe5 14. Bxf6 gxf6 15. Ne4 Qxa2 16. Rd1 Be7 17. Be2 O-O 18. O-O Ra7 19. Rf3 Kh8 20. Rg3 Rg8 21. Qh6 Rxg3 22. hxg3 Rd7 23. Nxf6 Qxc2 24. Bh5 Rxd1+ 25. Bxd1 Qxd1+ 26. Kh2 Qd3 0-1

[Event "10th Eksjo it group B"]
[Site "Eksjo SWE"]
[Date "1982.??.??"]
[Round "4"]
[White "Martorelli, Antonio"]
[Black "Rothen, Hakan"]
[Result "0-1"]
[WhiteElo "2270"]
[BlackElo "2220"]
[EventDate "1982.08.18"]
[PlyCount "86"]

1. e4 c5 2. Nf3 Nf6 3. e5 Nd5 4. Nc3 e6 5. Nxd5 exd5 6. d4 Nc6 7. dxc5 Bxc5 8. Qxd5 d6 9. exd6 Qb6 10. Bc4 Bxf2+ 11. Ke2 O-O 12. Rd1 Be6 13. Qe4 Rae8 14. Kf1 Bd4 15. Bd3 f5 16. Qh4 Bd5 17. Nxd4 Re4 18. Qf2 Nxd4 19. c4 Bc6 20. Be3 Rg4 21. g3 Qd8 22. Bxd4 f4 23. Ke1 fxg3 24. Qg1 Qh4 25. hxg3 Rxg3 26. Kd2 Rxg1 27. Bxg1 Bf3 28. Bxa7 Bxd1 29. Rxd1 Ra8 30. Bb6 Rxa2 31. d7 Rxb2+ 32. Kc1 Rxb6 33. d8=Q+ Qxd8 34. Bxh7+ Kxh7 35. Rxd8 Rc6 36. Rd4 b5 37. Kb2 Rxc4 38. Rxc4 bxc4 39. Kc3 Kg6 40. Kxc4 Kf5 41. Kd3 Kf4 42. Ke2 Kg3 43. Kf1 g5 0-1

[Event "10th Eksjo it group B"]
[Site "Eksjo SWE"]
[Date "1982.??.??"]
[Round "4"]
[White "Orseth, Dag"]
[Black "Liverios, Thisefs"]
[Result "1-0"]
[WhiteElo "2280"]
[BlackElo "2310"]
[EventDate "1982.08.18"]
[PlyCount "109"]

1. Nf3 d5 2. d4 e6 3. g3 c5 4. Bg2 Nc6 5. O-O Nf6 6. c4 Be7 7. cxd5 exd5 8. Nc3 O-O 9. b3 Bg4 10. dxc5 Bxc5 11. Na4 Be7 12. Bb2 Qd7 13. Rc1 Rad8 14. Nc5 Bxc5 15. Rxc5 Ne4 16. Rxc6 Qxc6 17. Ne5 Qe6 18. Nxg4 Qxg4 19. f3 Qg5 20. fxe4 Qe3+ 21. Kh1 dxe4 22. Qe1 Rfe8 23. Qc3 Qxc3 24. Bxc3 Rc8 25. Bd4 Rc2 26. e3 Rxa2 27. Rc1 h6 28. Rc7 b5 29. Rxa7 Rxa7 30. Bxa7 Ra8 31. Bd4 Ra3 32. b4 Rb3 33. Bxe4 Rxb4 34. Kg2 Ra4 35. Bd5 b4 36. Kf3 Ra5 37. Ke4 Ra4 38. Bc5 Ra1 39. Kd3 Rd1+ 40. Kc4 b3 41. Bd4 b2 42. Bxb2 Rd2 43. Be5 Rxh2 44. Kc5 Re2 45. Bd4 Rf2 46. Kd6 Kh8 47. Ke7 f6 48. Bc5 Rf5 49. e4 Rf3 50. Bd6 h5 51. Kf7 Rc3 52. Kg6 Rd3 53. Bf4 Rd4 54. Kxh5 f5 55. Be5 1-0

[Event "10th Eksjo it group B"]
[Site "Eksjo SWE"]
[Date "1982.??.??"]
[Round "5"]
[White "Andruet, Gilles"]
[Black "Hakki, Imad"]
[Result "1-0"]
[WhiteElo "2395"]
[BlackElo "2310"]
[EventDate "1982.08.18"]
[PlyCount "93"]

1. d4 Nf6 2. c4 e6 3. Nf3 Bb4+ 4. Bd2 a5 5. g3 d5 6. Qc2 dxc4 7. Qxc4 Qd5 8. Qxc7 Nc6 9. Nc3 Qh5 10. Bg2 O-O 11. O-O Rd8 12. Qb6 Ra6 13. Qb5 Qxb5 14. Nxb5 Bxd2 15. Nxd2 Nxd4 16. Nxd4 Rxd4 17. Rac1 Rd8 18. Nb3 b6 19. Rc7 Ne8 20. Rcc1 Kf8 21. Rfd1 Rxd1+ 22. Rxd1 Ke7 23. Nd4 Bd7 24. Bc6 Nf6 25. e4 Ra7 26. e5 Nd5 27. Nb5 Ra6 28. Nc7 Ra7 29. Nb5 Ra6 30. Nc7 Ra7 31. Nxd5+ exd5 32. Bxd5 Rc7 33. Rd2 Rc1+ 34. Kg2 Rc5 35. f3 Bf5 36. Kf2 Rc1 37. g4 Be6 38. Bxe6 Kxe6 39. f4 Rc6 40. Ke3 g5 41. Rd6+ Rxd6 42. exd6 Kxd6 43. fxg5 Ke5 44. a4 Kd5 45. Kf4 Kd4 46. Kf5 Ke3 47. Kf6 1-0

[Event "10th Eksjo it group B"]
[Site "Eksjo SWE"]
[Date "1982.??.??"]
[Round "5"]
[White "Kovacs, Laszlo"]
[Black "Martorelli, Antonio"]
[Result "1-0"]
[WhiteElo "2320"]
[BlackElo "2270"]
[EventDate "1982.08.18"]
[PlyCount "81"]

1. e4 c5 2. Nc3 e6 3. Nf3 a6 4. d4 cxd4 5. Nxd4 Qc7 6. Be2 b5 7. O-O Bb7 8. Bf3 Nc6 9. Nxc6 dxc6 10. Qe2 Bd6 11. g3 Nf6 12. Re1 Be5 13. Nb1 O-O 14. Bg2 b4 15. Nd2 a5 16. Nf3 Rfd8 17. a3 h6 18. axb4 Ba6 19. c4 axb4 20. Nxe5 Qxe5 21. Bf4 Qd4 22. Rac1 e5 23. Red1 Qc5 24. Be3 Qe7 25. b3 Nd7 26. Ra1 Bb7 27. Rxa8 Rxa8 28. Qd2 Nf6 29. f3 Ra3 30. Qd3 Kh7 31. Bh3 Ba6 32. f4 g6 33. fxe5 Qxe5 34. Bd4 Qe7 35. e5 Nd7 36. e6 fxe6 37. Bb2 Qc5+ 38. Kh1 Ne5 39. Qd8 Nf7 40. Rd7 Qf2 41. Qh8# 1-0

[Event "10th Eksjo it group B"]
[Site "Eksjo SWE"]
[Date "1982.??.??"]
[Round "5"]
[White "Liverios, Thisefs"]
[Black "Lekander, Rolf"]
[Result "1-0"]
[WhiteElo "2310"]
[BlackElo "2285"]
[EventDate "1982.08.18"]
[PlyCount "85"]

1. d4 c5 2. d5 d6 3. e4 Nf6 4. f3 g6 5. c4 Bg7 6. Nc3 O-O 7. Bg5 Na6 8. Qd2 Re8 9. Nge2 Nc7 10. a4 Rb8 11. Ng3 a6 12. Be2 Bd7 13. O-O b5 14. f4 Rf8 15. e5 Nfe8 16. Nge4 Bf5 17. g4 Bxe4 18. Nxe4 bxa4 19. Rxa4 dxe5 20. f5 Nd6 21. Nxc5 Qe8 22. Ra3 f6 23. Be3 gxf5 24. gxf5 Nxf5 25. Kh1 Nh4 26. Rg1 Ng6 27. Bh5 f5 28. Bh6 Rf6 29. Rh3 Bh8 30. Nd3 Rfb6 31. c5 Rf6 32. Nxe5 f4 33. Bg5 Bg7 34. Bxf6 exf6 35. Nxg6 hxg6 36. Bxg6 Qe5 37. Qg2 f5 38. Bxf5 Rxb2 39. Qg6 Kf8 40. Be4 Nxd5 41. Rh5 Ne7 42. Rxe5 Nxg6 43. Rf5+ 1-0

[Event "10th Eksjo it group B"]
[Site "Eksjo SWE"]
[Date "1982.??.??"]
[Round "5"]
[White "Rothen, Hakan"]
[Black "Orseth, Dag"]
[Result "1/2-1/2"]
[WhiteElo "2220"]
[BlackElo "2280"]
[EventDate "1982.08.18"]
[PlyCount "107"]

1. e4 c5 2. Nf3 Nc6 3. Bb5 d6 4. d4 cxd4 5. Qxd4 Bd7 6. Bxc6 Bxc6 7. c4 Nf6 8. Nc3 g6 9. O-O Bg7 10. Qd3 O-O 11. Nd4 Nd7 12. b3 Nc5 13. Qe3 Ne6 14. Nxe6 fxe6 15. Bb2 Qb6 16. Qh3 Bd7 17. Na4 Bxa4 18. Qxe6+ Rf7 19. Bxg7 Kxg7 20. bxa4 Raf8 21. Rab1 Qc5 22. Rb5 Rxf2 23. Qxe7+ R2f7+ 24. Rxc5 Rxe7 25. Rxf8 Kxf8 26. Rc8+ Kf7 27. Rh8 Kf6 28. Kf2 Rxe4 29. Rxh7 Rxc4 30. Rxb7 Rxa4 31. Rb2 Rh4 32. h3 Rc4 33. Ke3 Ke5 34. Kd3 Ra4 35. Re2+ Kd5 36. Rc2 Ra3+ 37. Ke2 Rg3 38. Kf2 Rd3 39. Ke2 Ra3 40. Kf2 Ra6 41. Re2 g5 42. Re7 Kd4 43. Rg7 Rxa2+ 44. Kf3 Ra5 45. Kg4 Ke3 46. g3 a6 47. Rg6 Rd5 48. Re6+ Kd4 49. h4 gxh4 50. gxh4 Kc5 51. h5 Rd1 52. Re3 Rg1+ 53. Rg3 Rb1 54. h6 1/2-1/2

[Event "10th Eksjo it group B"]
[Site "Eksjo SWE"]
[Date "1982.??.??"]
[Round "6"]
[White "Hakki, Imad"]
[Black "Liverios, Thisefs"]
[Result "1-0"]
[WhiteElo "2310"]
[BlackElo "2310"]
[EventDate "1982.08.18"]
[PlyCount "159"]

1. d4 d5 2. c4 e6 3. Nf3 c5 4. cxd5 exd5 5. g3 Nc6 6. Bg2 Nf6 7. O-O Be7 8. dxc5 Bxc5 9. Bg5 O-O 10. Nc3 d4 11. Bxf6 Qxf6 12. Nd5 Qd8 13. Nd2 a6 14. Rc1 Ba7 15. Nc4 Bg4 16. Qd2 Bh3 17. Bxh3 Qxd5 18. Bg2 Qe6 19. b4 Rfe8 20. Bf3 Rac8 21. Na5 Nxa5 22. bxa5 b5 23. axb6 Bxb6 24. Rb1 Rb8 25. Rfc1 Qe5 26. Kg2 Ba5 27. Qd3 Rxb1 28. Rxb1 Qe6 29. Qxd4 Qxa2 30. Qe5 Qa4 31. Rb8 Bd8 32. Qd6 Bf6 33. Qxa6 Qd7 34. Qb7 Qe6 35. Qa8 Kf8 36. Qa3+ Kg8 37. Qa8 Kf8 38. Qa3+ Kg8 39. Rb7 g6 40. Qc5 Rc8 41. Qa5 Rd8 42. h4 h5 43. Qb5 Kg7 44. Qa5 Rd7 45. Rb8 Qe5 46. Qa8 Qd6 47. Rb5 Qe7 48. Qa2 Ra7 49. Qb3 Ra3 50. Qd5 Ra7 51. Rb6 Rc7 52. Rb8 Ra7 53. Qc6 Rc7 54. Qb5 Rc5 55. Qd3 Rc3 56. Qd1 Rc7 57. Rb5 Ra7 58. Rb3 Qc5 59. Rb1 Qd4 60. Qc2 Qc3 61. Qe4 Ra1 62. Rb8 Qc5 63. Qb7 Qe7 64. Qb5 Ra7 65. Bd5 Rd7 66. Bf3 Rc7 67. Re8 Qd6 68. Ra8 Qe7 69. Qb3 Ra7 70. Rb8 Ra3 71. Qb6 Rc3 72. Qb5 Rc5 73. Qa4 Rc7 74. Re8 Qd7 75. Qa8 Ra7 76. Qb8 Qd4 77. Rh8 Be7 78. Qg8+ Kf6 79. Rxh5 Bc5 80. e3 1-0

[Event "10th Eksjo it group B"]
[Site "Eksjo SWE"]
[Date "1982.??.??"]
[Round "6"]
[White "Iskov, Gert"]
[Black "Andruet, Gilles"]
[Result "1/2-1/2"]
[WhiteElo "2345"]
[BlackElo "2395"]
[EventDate "1982.08.18"]
[PlyCount "78"]

1. e4 c5 2. Nc3 d6 3. Nge2 Nc6 4. g3 g6 5. d4 cxd4 6. Nxd4 Bg7 7. Nde2 Nf6 8. Bg2 O-O 9. O-O Bd7 10. Nd5 b5 11. c3 Rb8 12. a3 Re8 13. Bg5 Ne5 14. Nxf6+ exf6 15. Be3 Nc4 16. Bxa7 Ra8 17. Bd4 Nxb2 18. Qb3 Nc4 19. Rfe1 Bc6 20. Nf4 Qd7 21. Nd5 Bxd5 22. exd5 Rxe1+ 23. Rxe1 Rxa3 24. Qd1 Ra2 25. Bf1 Ra8 26. Bxc4 bxc4 27. Qe2 Rc8 28. Qe7 Qxe7 29. Rxe7 f5 30. Bxg7 Kxg7 31. Rd7 Rb8 32. Rxd6 Rb3 33. Rd8 Rxc3 34. d6 Kf6 35. Re8 Rd3 36. Rc8 f4 37. gxf4 c3 38. d7 Rxd7 39. Rxc3 Kf5 1/2-1/2

[Event "10th Eksjo it group B"]
[Site "Eksjo SWE"]
[Date "1982.??.??"]
[Round "6"]
[White "Lekander, Rolf"]
[Black "Rothen, Hakan"]
[Result "1/2-1/2"]
[WhiteElo "2285"]
[BlackElo "2220"]
[EventDate "1982.08.18"]
[PlyCount "50"]

1. c4 Nf6 2. g3 e6 3. Bg2 d5 4. Nf3 dxc4 5. Qa4+ Bd7 6. Qxc4 Bc6 7. O-O Nbd7 8. Qc2 Bd6 9. d4 Be4 10. Qd1 c5 11. Nc3 Bc6 12. Qd3 cxd4 13. Nxd4 Bxg2 14. Kxg2 Be7 15. Rd1 O-O 16. Kg1 a6 17. Nb3 Qc8 18. Bf4 Nc5 19. Nxc5 Qxc5 20. Qf3 Qb6 21. Rd2 Rfd8 22. Rc2 Rd7 23. Rac1 Rad8 24. Kg2 Qb4 25. h3 a5 1/2-1/2

[Event "10th Eksjo it group B"]
[Site "Eksjo SWE"]
[Date "1982.??.??"]
[Round "6"]
[White "Orseth, Dag"]
[Black "Kovacs, Laszlo"]
[Result "1/2-1/2"]
[WhiteElo "2280"]
[BlackElo "2320"]
[EventDate "1982.08.18"]
[PlyCount "55"]

1. d4 Nf6 2. Nf3 d5 3. c4 e6 4. g3 Nbd7 5. Bg2 c6 6. Qc2 Bb4+ 7. Nbd2 b5 8. c5 Ne4 9. O-O f5 10. Nb3 a5 11. a3 a4 12. axb4 axb3 13. Qb1 Ra4 14. Rxa4 bxa4 15. Qa1 Ba6 16. Qxa4 Bb5 17. Qxb3 Bxe2 18. Re1 Bb5 19. Bf1 Bxf1 20. Rxf1 Qb8 21. Bf4 Qb5 22. Ra1 O-O 23. Ne5 Nxe5 24. Bxe5 Qe2 25. Qe3 Qxb2 26. Ra7 Rf7 27. Ra8+ Rf8 28. Ra7 1/2-1/2

[Event "10th Eksjo it group B"]
[Site "Eksjo SWE"]
[Date "1982.??.??"]
[Round "7"]
[White "Kovacs, Laszlo"]
[Black "Lekander, Rolf"]
[Result "1/2-1/2"]
[WhiteElo "2320"]
[BlackElo "2285"]
[EventDate "1982.08.18"]
[PlyCount "66"]

1. e4 g6 2. d4 Bg7 3. Nc3 d6 4. Nf3 Nf6 5. h3 c6 6. Bd3 O-O 7. O-O Qc7 8. a4 Nbd7 9. a5 e5 10. dxe5 dxe5 11. Be3 Re8 12. Bc4 Nf8 13. Ng5 Be6 14. Nxe6 Nxe6 15. Bxe6 Rxe6 16. Qd3 Nh5 17. g3 Ree8 18. Qc4 Bf8 19. Rfd1 Qc8 20. Kg2 Ng7 21. Rd2 Ne6 22. Rad1 Be7 23. Na4 Rd8 24. Rxd8+ Bxd8 25. b4 Ng5 26. Bxg5 Bxg5 27. Nc5 b6 28. Nd7 Qc7 29. axb6 axb6 30. b5 Rc8 31. h4 Be7 32. bxc6 Qxc6 33. Qd5 Qxd5 1/2-1/2

[Event "10th Eksjo it group B"]
[Site "Eksjo SWE"]
[Date "1982.??.??"]
[Round "7"]
[White "Liverios, Thisefs"]
[Black "Iskov, Gert"]
[Result "1/2-1/2"]
[WhiteElo "2310"]
[BlackElo "2345"]
[EventDate "1982.08.18"]
[PlyCount "122"]

1. d4 Nf6 2. c4 g6 3. Nc3 Bg7 4. e4 d6 5. f3 O-O 6. Bg5 c5 7. d5 h6 8. Be3 e6 9. Qd2 exd5 10. cxd5 Kh7 11. Nge2 a6 12. a4 Nbd7 13. Ng3 Rb8 14. Be2 Ne8 15. O-O Nc7 16. Rab1 b5 17. axb5 Nxb5 18. Nxb5 axb5 19. b4 c4 20. Bd4 Bxd4+ 21. Qxd4 Qb6 22. Qxb6 Nxb6 23. Ra1 Rb7 24. Ra5 Bd7 25. Kf2 f5 26. Rd1 f4 27. Nf1 Kg7 28. Nd2 Kf6 29. Nb1 Na4 30. Na3 Rc8 31. Rd2 Rcc7 32. Ke1 Ke5 33. Bd1 Nc3 34. Rc2 Na4 35. Rd2 Nc3 36. Rc2 Nxd1 37. Kxd1 g5 38. h3 h5 39. Kd2 g4 40. hxg4 hxg4 41. Rc1 Be8 42. Ra8 Bg6 43. Rg8 Kf6 44. Rh1 Rh7 45. Rxh7 Rxh7 46. Nxb5 Rh2 47. Nxd6 gxf3 48. e5+ Kxe5 49. Nxc4+ Kd4 50. Ke1 Rxg2 51. Nd2 Re2+ 52. Kf1 Bd3 53. Nxf3+ Ke3 54. Ne5 Rf2+ 55. Kg1 Rf1+ 56. Kh2 Be4 57. Rg1 Rf2+ 58. Kh3 Kd4 59. Ng4 Rf3+ 60. Kh4 Bxd5 61. Rd1+ Rd3 1/2-1/2

[Event "10th Eksjo it group B"]
[Site "Eksjo SWE"]
[Date "1982.??.??"]
[Round "7"]
[White "Martorelli, Antonio"]
[Black "Orseth, Dag"]
[Result "0-1"]
[WhiteElo "2270"]
[BlackElo "2280"]
[EventDate "1982.08.18"]
[PlyCount "144"]

1. e4 c5 2. Nf3 Nc6 3. d4 cxd4 4. Nxd4 g6 5. Be2 Bg7 6. Nb3 Nf6 7. Nc3 O-O 8. O-O d6 9. Kh1 Be6 10. f4 d5 11. e5 Nd7 12. Bf3 Nb6 13. Nc5 Qc8 14. Nxe6 fxe6 15. a4 a5 16. Nb5 Qd7 17. Bg4 Rad8 18. Nd4 Nxd4 19. Qxd4 Na8 20. Bd2 Rc8 21. Bxa5 Rc4 22. Qd3 Rcxf4 23. Rxf4 Rxf4 24. Qh3 Qxa4 25. Bxe6+ Kh8 26. Qa3 Qxa3 27. bxa3 Bxe5 28. Re1 Nc7 29. g3 Re4 30. Rxe4 dxe4 31. Bc8 b5 32. Bb7 e3 33. Kg2 Ne6 34. c3 Bd6 35. Bc6 Bxa3 36. Bxb5 Bc5 37. Kf3 Kg7 38. Ke4 Kf6 39. Be2 Ba7 40. Kd5 Ng5 41. c4 e6+ 42. Kc6 Ne4 43. Bd3 Ke5 44. c5 Kd4 45. Bxe4 Kxe4 46. Kd6 e2 47. c6 Bb6 48. Bb4 Kf3 49. Kxe6 Kg2 50. Kf6 Kxh2 51. Be1 Bc7 52. Kg7 Bxg3 53. Kxh7 g5 54. Bxg3+ Kxg3 55. c7 e1=Q 56. c8=Q Qe5 57. Qc1 g4 58. Qg1+ Kh3 59. Qf1+ Kh4 60. Qh1+ Kg5 61. Qh6+ Kf5 62. Qf8+ Ke4 63. Qb4+ Kf3 64. Qb3+ Kf4 65. Qd1 g3 66. Qf1+ Kg5 67. Qg2 Kg4 68. Kg8 Qg5+ 69. Kh7 Qf5+ 70. Kg7 Qf3 71. Qc2 g2 72. Qg6+ Kh4 0-1

[Event "10th Eksjo it group B"]
[Site "Eksjo SWE"]
[Date "1982.??.??"]
[Round "8"]
[White "Andruet, Gilles"]
[Black "Liverios, Thisefs"]
[Result "0-1"]
[WhiteElo "2395"]
[BlackElo "2310"]
[EventDate "1982.08.18"]
[PlyCount "66"]

1. d4 d5 2. c4 e6 3. Nc3 c5 4. cxd5 exd5 5. Nf3 Nc6 6. g3 Nf6 7. Bg2 Be7 8. O-O O-O 9. Bg5 Be6 10. dxc5 Bxc5 11. Rc1 Bb6 12. Na4 d4 13. Nd2 h6 14. Bxf6 Qxf6 15. Nb3 Rfe8 16. Nbc5 Bg4 17. Ne4 Qe7 18. f3 Bf5 19. Nxb6 axb6 20. a3 Qe6 21. e3 Rad8 22. exd4 Rxd4 23. Qe2 Bxe4 24. fxe4 Red8 25. e5 Rd2 26. Qc4 Qxc4 27. Rxc4 Rxb2 28. Rf2 Rd1+ 29. Bf1 Rxf2 30. Kxf2 Nxe5 31. Rc7 Ng4+ 32. Ke2 Ra1 33. h3 Nh2 0-1

[Event "10th Eksjo it group B"]
[Site "Eksjo SWE"]
[Date "1982.??.??"]
[Round "8"]
[White "Hakki, Imad"]
[Black "Kovacs, Laszlo"]
[Result "1/2-1/2"]
[WhiteElo "2310"]
[BlackElo "2320"]
[EventDate "1982.08.18"]
[PlyCount "89"]

1. e4 e5 2. Nf3 Nc6 3. Bb5 a6 4. Ba4 Nf6 5. O-O Be7 6. Re1 b5 7. Bb3 O-O 8. c3 d6 9. h3 Nb8 10. d4 Nbd7 11. Nbd2 Bb7 12. Bc2 Re8 13. Nf1 Bf8 14. Ng3 g6 15. a4 c5 16. d5 Rb8 17. b3 Bc8 18. Bg5 b4 19. c4 h6 20. Be3 Kh7 21. Qd2 Bg7 22. Nh2 Rf8 23. Rf1 Ng8 24. Rad1 Rb7 25. f4 exf4 26. Rxf4 Be5 27. Rf3 Bc3 28. Qc1 Bg7 29. Rdf1 Ne5 30. Rf4 Re7 31. R4f2 Qe8 32. Kh1 a5 33. Nf3 Nxf3 34. Rxf3 Be5 35. Bf4 Kg7 36. Bxe5+ Rxe5 37. Qd2 Qe7 38. Qf2 f6 39. Rf4 h5 40. Qd2 Nh6 41. Bd1 Bd7 42. Bc2 Be8 43. Qd1 Rg5 44. Ne2 Re5 45. Qd2 1/2-1/2